[Event "FIDE Women’s World Rapid Championships 2024"]
[White "Munkhzul, Davaakhuu"]
[Black "Berezovsky, Fiorina"]
[Site "New York, USA"]
[Round "4"]
[Board "54"]
[Result "1-0"]
[Date "2024.12.26"]
[WhiteElo "2006"]
[BlackElo "1786"]
[PlyCount "87"]
[GameId "2127263878963810"]
[EventDate "2024.12.26"]
[EventType "rapid"]
[EventRounds "11"]
[EventCountry "FID"]

1. e4 c5 2. Nf3 Nc6 3. d4 cxd4 4. Nxd4 e5 5. Nb5 d6 6. N1c3 a6 7. Na3 b5 8. Nd5 Nge7 9. c4 Nd4 10. cxb5 Nxd5 11. exd5 Be7 12. Be3 Nf5 13. bxa6 O-O 14. Bd2 Nd4 15. Bc3 f5 16. Bd3 Qe8 17. O-O f4 18. Bxd4 exd4 19. f3 Qh5 20. Qa4 Qg5 21. Kh1 Bb7 22. Qxd4 Bxd5 23. a7 Bf6 24. Qf2 Rfe8 25. Nb5 Re3 26. Rfd1 Bd8 27. Nxd6 Bb6 28. Bc4 Bxc4 29. Nxc4 Bxa7 30. Nxe3 Bxe3 31. Qe2 Rb8 32. a4 Rb6 33. Qc4+ Kf8 34. Qc8+ Kf7 35. Qc7+ Ke6 36. Qc4+ Ke7 37. Qe4+ Re6 38. Qb4+ Kf6 39. Qc3+ Ke7 40. a5 Rh6 41. Qc7+ Kf6 42. Rd6+ Kf5 43. Qd7+ Ke5 44. Rd5+ 1-0

[Event "FIDE Women’s World Rapid Championships 2024"]
[White "Noshin, Anjum"]
[Black "Naisanga, Sheba Valentine"]
[Site "New York, USA"]
[Round "4"]
[Board "55"]
[Result "1-0"]
[Date "2024.12.26"]
[WhiteElo "1910"]
[BlackElo "1626"]
[PlyCount "139"]
[GameId "2127263878967907"]
[EventDate "2024.12.26"]
[EventType "rapid"]
[EventRounds "11"]
[EventCountry "FID"]

1. e4 c5 2. Nf3 e6 3. d4 cxd4 4. Nxd4 Nc6 5. Nc3 a6 6. a3 Qc7 7. Be3 Nf6 8. f4 d6 9. Qf3 Be7 10. Rg1 b5 11. g4 Na5 12. g5 Nd7 13. Qh3 g6 14. f5 exf5 15. Nd5 Qd8 16. b4 Ne5 17. exf5 Nac6 18. Nxc6 Nxc6 19. Bd3 Ne5 20. Bb6 Qd7 21. Nc7+ Kf8 22. Nxa8 Qc6 23. O-O-O Nxd3+ 24. Rxd3 Bxf5 25. Rc3 Qxa8 26. Qh6+ Ke8 27. Bd4 Rf8 28. Re1 Be6 29. Bf6 Bxf6 30. gxf6 Kd7 31. Rxe6 Kxe6 32. Qe3+ Kxf6 33. Qd4+ Ke6 34. Re3+ Kd7 35. Rd3 Qc6 36. Qa7+ Qc7 37. Qxa6 Rc8 38. Qxb5+ Qc6 39. Qxc6+ Rxc6 40. Kd2 f5 41. Rh3 h5 42. Rg3 d5 43. b5 Re6 44. a4 Kc7 45. a5 f4 46. Rc3+ Kb7 47. b6 g5 48. Rc7+ Ka6 49. b7 Ka7 50. Rf7 f3 51. Rxf3 Kxb7 52. Rf5 Rd6 53. Rxg5 Ka6 54. Rxh5 Kxa5 55. Ke3 Kb4 56. Kd4 Rc6 57. Rxd5 Rxc2 58. Rh5 Rc4+ 59. Ke3 Kc3 60. h3 Rd4 61. Rc5+ Rc4 62. Rxc4+ Kxc4 63. Ke4 Kc5 64. Ke5 Kc6 65. Ke6 Kc7 66. h4 Kd8 67. Kf7 Kd7 68. h5 Kd6 69. h6 Ke5 70. h7 1-0